[Event "Wch FIDE Online U16 America qual"]
[Site "Tornelo INT"]
[Date "2020.12.04"]
[Round "7"]
[White "Mayta Aiza, Maveric"]
[Black "Corado, Adrian Mauricio"]
[Result "0-1"]
[WhiteElo "1488"]
[BlackElo "1682"]
[PlyCount "108"]
[EventDate "2020.12.01"]
[EventType "swiss (rapid)"]
[EventRounds "7"]
[EventCountry "ISS"]
[SourceTitle "EXT 2022"]
[Source "ChessBase"]
[SourceDate "2021.10.06"]
[SourceVersion "1"]
[SourceVersionDate "2021.10.06"]
[SourceQuality "1"]

1. e4 e5 2. Nf3 Nc6 3. Nc3 Nf6 4. Bb5 d6 5. h3 Be7 6. 0-0 0-0 7. d3 Bd7 8. Be3 a6 9. Ba4 b5 10. Bb3 Na5 11. Ne2 Nxb3 12. axb3 c5 13. Ng3 Qc7 14. Qd2 Rfb8 15. Ra2 a5 16. Rfa1 a4 17. Nf5 Bxf5 18. exf5 Qc6 19. Qc3 Nd5 20. Qd2 Nxe3 21. fxe3 axb3 22. Rxa8 Rxa8 23. Rxa8+ Qxa8 24. cxb3 Qa2 25. Qc2 h6 26. e4 Qa5 27. Kf2 Kh7 28. g3 g6 29. g4 gxf5 30. gxf5 Bf6 31. Qd2 b4 32. Qc2 Qa2 33. Nd2 Kg7 34. Nc4 Qa1 35. Ne3 Qh1 36. Kg3 Qg1+ 37. Kf3 Bg5 38. Qe2 Bxe3 39. Qxe3 Qd1+ 40. Qe2 Qxb3 41. Qg2+ Kh7 42. f6 Qxd3+ 43. Kg4 Kg6 44. Kh4+ Kxf6 45. Kh5 Qe3 46. h4 Ke7 47. Qg4 c4 48. Qc8 Qxe4 49. Qc7+ Ke6 50. Qc8+ Ke7 51. Qc7+ Ke6 52. Qc8+ Kf6 53. Qd8+ Kg7 54. Qd7 Qf3+ 0-1

[Event "Wch FIDE Online U16 America qual"]
[Site "Tornelo INT"]
[Date "2020.12.02"]
[Round "2"]
[White "Corado, Adrian Mauricio"]
[Black "Hill, Yeshua Erchomai"]
[Result "1-0"]
[WhiteElo "1682"]
[BlackElo "1376"]
[PlyCount "57"]
[EventDate "2020.12.01"]
[EventType "swiss (rapid)"]
[EventRounds "7"]
[EventCountry "ISS"]
[SourceTitle "EXT 2022"]
[Source "ChessBase"]
[SourceDate "2021.10.06"]
[SourceVersion "1"]
[SourceVersionDate "2021.10.06"]
[SourceQuality "1"]

1. c4 e5 2. Nc3 Nf6 3. e4 c6 4. g3 d5 5. cxd5 cxd5 6. exd5 Nxd5 7. Bg2 Be6 8. Nge2 Nc6 9. 0-0 Rc8 10. Re1 Nf6 11. Qa4 Bc5 12. Qb5 Bb6 13. Na4 0-0 14. Nxb6 Qxb6 15. Qxb6 axb6 16. Nc3 Nd7 17. a3 f5 18. d3 Nc5 19. Bxc6 bxc6 20. Rxe5 Rfe8 21. d4 Nb3 22. Rb1 Nxd4 23. Kg2 Kf8 24. Be3 Bd5+ 25. Rxd5 cxd5 26. Bxd4 Red8 27. Re1 Rd6 28. Re5 Rf6 29. Rxd5 1-0